Akumulace a růst za kapitalizmu

Enregistré dans:
Détails bibliographiques
Auteur principal: Tlustý, Adolf
Format: Livre
Langue:tchèque
Publié: Praha Státní pedagogické nakladatelství 1968
Tags: Ajouter un tag
Pas de tags, Soyez le premier à ajouter un tag!

MARC

LEADER 00000nam a2200000 4500
001 c122239
005 20041019155224.7
041 0 |a cze 
044 |a CZ 
245 1 0 |a Akumulace a růst za kapitalizmu  |c Adolf Tlustý 
264 1 |a Praha  |b Státní pedagogické nakladatelství  |c 1968 
300 |a 105 s. 
100 1 |a Tlustý, Adolf